000 00512nam a2200193Ia 4500
005 20250326145151.0
008 250326s9999 xx 000 0 und d
037 _aTextbook
040 _aFMSL
_beng
_cFMSL
041 _aeng
_2eng
084 _aL:14 P8
_qFMSL
100 _aGoel S L
245 0 _aHealth education administration
_cGoel S L
260 _aNew Delhi
_bNew Delhi, Deep & Deep
_c2008
365 _b1950
650 _aManagement
942 _cTB
_hL:14 P8
999 _c1306616
_d1306616